| 000 | 00824nam a22002297a 4500 | ||
|---|---|---|---|
| 003 | OSt | ||
| 005 | 20241021120700.0 | ||
| 008 | 241021b |||d|||| |||| 00| 0 eng d | ||
| 020 | _a9789589831113 | ||
| 037 | _bDonación | ||
| 040 |
_aCO-JMCR _bspa _cCO-JMCR _dCO-JMCR _erda |
||
| 041 | 0 | _aspa | |
| 082 | 0 | 4 |
_a338.2 _bB423m _223 |
| 100 | 1 | _aBejarano Barrera, Edgar. | |
| 245 | 1 | 0 |
_aMinería y petróleo : _bdel daño al riesgo y del riesgo a una oportunidad estratégica de cambio / _cEdgar Bejarano Barrera. |
| 250 | _aEdición general Bernardo Toro Arango. | ||
| 260 |
_aBogotá D.C. : _bFundación AVINA, _c2015. |
||
| 300 |
_a180 páginas : _bGráficas ; _c23 cm. |
||
| 504 | _aIncluye referencias bibliográficas (páginas 165-172) | ||
| 700 | 1 |
_aToro Arango, José Bernardo, _eeditor. _943887 |
|
| 942 |
_2ddc _cBK |
||
| 999 |
_c30861 _d17245 |
||